आओ प्रयोग करे (Record no. 992429)

MARC details
000 -LEADER
fixed length control field 00360nam a2200133Ia 4500
008 - FIXED-LENGTH DATA ELEMENTS--GENERAL INFORMATION
fixed length control field 151001s9999||||xx |||||||||||||| ||und||
100 ## - MAIN ENTRY--PERSONAL NAME
Personal name शरद इंदुरखा
245 ## - TITLE STATEMENT
Title आओ प्रयोग करे
250 ## - EDITION STATEMENT
Edition statement 1
260 ## - PUBLICATION, DISTRIBUTION, ETC. (IMPRINT)
Name of publisher, distributor, etc बिंदिया प्रकाशन
260 ## - PUBLICATION, DISTRIBUTION, ETC. (IMPRINT)
Date of publication, distribution, etc 2008
300 ## - PHYSICAL DESCRIPTION
Extent 16
365 ## - TRADE PRICE
Price amount 21

No items available.